México : el reto de crear ambientes regionales de innovación /
Trabajo de investigación donde se presenta el estado de la cuestión acerca de los "polos de innovación" en México, definidos por la aglomeración de empresas innovadoras, la concentración de centros de investigación, parques industriales e incubadoras tecnológicas, así como por el conjunto de activid...
-д хадгалсан:
| Үндсэн зохиолч: | |
|---|---|
| Бусад зохиолчид: | , |
| Формат: | Ном |
| Хэл сонгох: | испани |
| Хэвлэсэн: |
México :
Fondo de Cultura Económica : Centro de Investigación y Docencia Económicas,
2005, c2005
|
| Цуврал: | (Sección de Obras de Ciencia y Tecnología)
|
| Нөхцлүүд: | |
| Шошгууд: |
Шошго байхгүй, Энэхүү баримтыг шошголох эхний хүн болох!
|
MARC
| LEADER | 00000nam^a2200000^a^4500 | ||
|---|---|---|---|
| 001 | 000183653 | ||
| 005 | 20250521000000.0 | ||
| 009 | 20260310102048.134 | ||
| 020 | |a 968-16-7562-2 | ||
| 037 | |a Acervo ITESO - Biblioteca | ||
| 041 | |a ESP | ||
| 082 | |a 658. 514 |b COR | ||
| 100 | |a Corona Treviño, Leonel |e (autor) | ||
| 245 | 1 | 0 | |a México : |b el reto de crear ambientes regionales de innovación / |c L. Corona Treviño ; presen. de C. Bazdresch Parada, D. Romo Murillo. |
| 264 | 4 | |a México : |b Fondo de Cultura Económica : |b Centro de Investigación y Docencia Económicas, |c 2005, c2005 | |
| 300 | |a 143 p. | ||
| 336 | |a texto |b txt |2 rdacontenido | ||
| 337 | |a sin mediación |b n |2 rdamedio | ||
| 338 | |a volumen |b nc |2 rdasoporte | ||
| 440 | 1 | |a (Sección de Obras de Ciencia y Tecnología) | |
| 520 | |a Trabajo de investigación donde se presenta el estado de la cuestión acerca de los "polos de innovación" en México, definidos por la aglomeración de empresas innovadoras, la concentración de centros de investigación, parques industriales e incubadoras tecnológicas, así como por el conjunto de actividades de apoyo a la investigación e innovación tecnológica y el servicio a las demandas empresariales. | ||
| 649 | |a XX | ||
| 650 | |a Empresas - |z México - |x Aspectos Tecnológicos | ||
| 650 | |a Desarrollo Tecnológico - |z México | ||
| 650 | |a Centros de Investigación - |z México | ||
| 650 | |a Organismos Nacionales de Ciencia y Tecnología - |z México | ||
| 650 | |a Incubadoras de Empresas - |z México | ||
| 650 | |a Tecnología - |z México | ||
| 650 | |a Ciencia y Desarrollo - |z México | ||
| 650 | |a Ciencias Administrativas | ||
| 700 | |a Bazdresch Parada, Carlos |e (presentación) | ||
| 700 | |a Romo Murillo, David |e (presentación) | ||
| 910 | |a Fondo General | ||
| 920 | |a Impresos - Libros | ||
| 930 | |a Colección General | ||
| 905 | |a 101 | ||
| 901 | |a 0500123992 |b IT1 |c ACC |u 20250521 | ||
| 901 | |a 0500125109 |b IT1 |c ACC |u 20250521 | ||
| 902 | |a https://opac.biblio.iteso.mx/vufind/Record/000183653 | ||